000 00217nam a22000857a 4500
008 170616b xxu||||| |||| 00| 0 eng d
100 _93434
_aPranjape. R
245 _aA story about water
260 _aNew Delhi
_bN. B. T
_c2009
999 _c6809
_d6809